000 00879nam a22002057a 4500
999 _c176316
_d176316
005 20201215112000.0
010 _aENG-128657
020 _a978-93-5287-461-3
_c1545.00
035 _aEN-112189
037 _bDBAD/PUB
082 _a324.0954
100 _a
245 _aHow India Votes: A State-by-State Look
_cedited by Ashutosh Kumar and Yatindra Singh Sisodia
260 _aTelangana
_bOrient Blackswan Private Limited
_c2019
270 _bTelangana
_e500029
_a3-6-752, Himayatnagar, Hyderabad
_minfo@orientblackswan.com
300 _axxiv+443p.
_c22cm(hbk)
_bincluding index.
700 _aKumar, Ashutosh , Ed.
700 _aSisodia, Yatindra Singh, Ed.
942 _2ddc
_cEN
_h324.0954
_mHOW